Wszyscy Kandydaci na Prezydenta Polski - Statystyki

Ogólne statystyki
  • Ten quiz został rozwiązany 211 razy
    106 od ostatniego zresetowania
  • Średni wynik to 59 z 99
Statystyki odpowiedzi
Rok % głosów w I turze % głosów w II turze Partia Kandydat % Poprawnych
2015 34,76% 51,55% Prawo i Sprawiedliwość (PiS) Andrzej Duda
96%
2020 43,50% 51,03% Prawo i Sprawiedliwość (PiS) /Bezpartyjny Andrzej Duda
96%
2025 14,81% - Konfederacja Wolność i Niepodległość (Konfederacja), Nowa Nadzieja (NN) Sławomir Mentzen
96%
2005 36,33% 45,96% Platforma Obywatelska Rzeczypospolitej Polskiej (PO) Donald Tusk
95%
2010 36,46% 46,445% Prawo i Sprawiedliwość (PiS) Jarosław Kaczyński
95%
1995 zrezygnował - Porozumienie Centrum (PC) Lech Kaczyński
95%
2005 33,10% 54,04% Prawo i Sprawiedliwość (PiS) Lech Kaczyński
95%
2020 30,46% 48,97% Platforma Obywatelska Rzeczypospolitej Polskiej (PO) Rafał Trzaskowski
95%
2025 31,36% 49,11% Platforma Obywatelska Rzeczypospolitej Polskiej (PO) Rafał Trzaskowski
95%
2025 29,54% 50,89% Prawo i Sprawiedliwość (PiS) / Bezpartyjny Karol Nawrocki
94%
2015 0,83% - Bezpartyjny Grzegorz Braun
93%
2025 6,34% - Konfederacja Korony Polskiej (KKP) Grzegorz Braun
93%
2025 4,86% - Partia Razem (Razem) Adrian Zandberg
91%
1990 39,96% 74,25% NSZZ „Solidarność” /Bezpartyjny Lech Wałęsa
91%
1995 33,11% 48,28% NSZZ „Solidarność” / Bezpartyjny Lech Wałęsa
91%
2000 1,01% - Chrześcijańska Demokracja III Rzeczypospolitej Polskiej (ChDRP) Lech Wałęsa
91%
2025 4,23% - Nowa Lewica (NL) / Bezpartyjna Magdalena Biejat
91%
2020 13,87% - Polska 2050 /Bezpartyjny Szymon Hołownia
91%
2025 4,99% - Polska 2050 / Bezpartyjny Szymon Hołownia
91%
2010 41,54% 52,397% Platforma Obywatelska Rzeczypospolitej Polskiej (PO) Bronisław Komorowski
90%
2015 33,77% 48,45% Platforma Obywatelska Rzeczypospolitej Polskiej (PO) /Bezpartyjny Bronisław Komorowski
90%
1995 2,40% - Unia Polityki Realnej (UPR) Janusz Korwin-Mikke
89%
2000 1,43% - Unia Polityki Realnej (UPR) Janusz Korwin-Mikke
89%
2005 1,43% - Unia Polityki Realnej (UPR) Janusz Korwin-Mikke
89%
2010 2,48% - Wolność i Praworządność (WiP) Janusz Korwin-Mikke
89%
2015 3,26% - Kongres Nowej Prawicy (KNP) Janusz Korwin-Mikke
89%
2025 1,09% - Bezpartyjna Joanna Senyszyn
89%
2020 0,17% - Federacja dla Rzeczypospolitej (FdR) Marek Jakubiak
86%
2025 0,77% - Federacja dla Rzeczypospolitej (FdR), Kukiz’15 Marek Jakubiak
86%
2020 2,22% - Wiosna Roberta Biedronia (Wiosna) Robert Biedroń
86%
1995 35,11% 51,72% Socjaldemokracja Rzeczypospolitej Polskiej (SdRP) Aleksander Kwaśniewski
85%
2000 53,90% - Bezpartyjny Aleksander Kwaśniewski
85%
2025 1,24% - Bezpartyjny Krzysztof Stanowski
85%
2020 6,78% - Konfederacja Wolność i Niepodległość (Konfederacja), Ruch Narodowy (RN) Krzysztof Bosak
83%
2025 0,19% - Bezpartyjny Maciej Maciak
83%
2025 0,09% - Bezpartyjni Samorządowcy – Łączy nas Polska (BS) Marek Woch
83%
2015 20,80% - Kukiz’15 / Bezpartyjny Paweł Kukiz
81%
1995 1,32% - Przymierze Samoobrona (Samoobrona RP) Andrzej Lepper
80%
2000 3,05% - Samoobrona Rzeczpospolitej Polskiej (SRP) Andrzej Lepper
80%
2005 15,11% - Samoobrona Rzeczpospolitej Polskiej (SRP) Andrzej Lepper
80%
2010 1,28% - Samoobrona Rzeczpospolitej Polskiej (SRP), Nasz Dom Polska – Samoobrona Andrzeja Leppera (Samoobrona) Andrzej Lepper
80%
2020 2,36% - Polskie Stronnictwo Ludowe (PSL) Władysław Kosiniak-Kamysz
80%
1989 50,28% - Polska Zjednoczona Partia Robotnicza /Bezpartyjny Wojciech Jaruzelski
74%
2025 0,49% - Bezpartyjny Artur Bartoszewicz
68%
2015 2,38% - Sojusz Lewicy Demokratycznej (SLD)/ Bezpartyjna Magdalena Ogórek
68%
2020 0,23% - Kongres Nowej Prawicy (KNP), PolExit Stanisław Żółtek
68%
2015 1,42% - Twój Ruch (TR) Janusz Palikot
64%
2015 0,20% - Demokracja Bezpośrednia (DB) Paweł Tanajno
63%
2020 0,14% - Demokracja Bezpośrednia (DB) /Bezpartyjny Paweł Tanajno
63%
2020 wycofana - Platforma Obywatelska Rzeczypospolitej Polskiej (PO) Małgorzata Kidawa-Błońska
60%
1990 23,10% 25,75% Libertariańska Partia Kanady /Bezpartyjny Stanisław Tymiński
60%
2005 0,16% - Bezpartyjny Stanisław Tymiński
60%
1990 18,08% - Forum Prawicy Demokratycznej (FPD) Tadeusz Mazowiecki
58%
1995 4,31% - Polskie Stronnictwo Ludowe (PSL) Waldemar Pawlak
57%
2010 1,75% - Polskie Stronnictwo Ludowe (PSL) Waldemar Pawlak
57%
2005 wycofany - Liga Polskich Rodzin (LPR) Maciej Giertych
52%
1990 9,21% - Socjaldemokracja Rzeczypospolitej Polskiej (SdRP) Włodzimierz Cimoszewicz
52%
2005 wycofany - Sojusz Lewicy Demokratycznej (SLD) Włodzimierz Cimoszewicz
52%
2000 17,30% - Bezpartyjny Andrzej Olechowski
46%
2010 1,44% - Bezpartyjny Andrzej Olechowski
46%
2015 0,52% - Ruch Narodowy (RN) Marian Kowalski
44%
1995 6,86% - Ruch dla Rzeczypospolitej (RdR) Jan Olszewski
43%
2000 zrezygnował - Ruch Odbudowy Polski (ROP) Jan Olszewski
43%
2000 15,57% - Ruch Społeczny Akcja Wyborcza Solidarność (RS) Marian Krzaklewski
42%
2010 13,68% - Sojusz Lewicy Demokratycznej (SLD) Grzegorz Napieralski
40%
1995 9,22% - Unia Wolności (UW) Jacek Kuroń
40%
2020 0,11% - Ruch Prawdziwa Europa – Europa Christi (RPE) Mirosław Piotrowski
40%
2020 0,14% - Unia Pracy (UP) Waldemar Witkowski
40%
1995 2,76% - Bezpartyjna Hanna Gronkiewicz-Waltz
37%
1990 2,50% - Konfederacja Polski Niepodległej (KPN) Leszek Moczulski
36%
1995 zrezygnował - Konfederacja Polski Niepodległej (KPN) Leszek Moczulski
36%
2000 5,95% - Polskie Stronnictwo Ludowe (PSL) Jarosław Kalinowski
35%
2005 1,80% - Polskie Stronnictwo Ludowe (PSL) Jarosław Kalinowski
35%
2010 0,13% - Bezpartyjny Kornel Morawiecki
35%
1995 0,04% - Forum Walki z Bezprawiem /Polska Partia Przyjaciół Piwa (PPPP) Leszek Bubel
32%
2005 0,13% - Polska Partia Narodowa (PPN), Stronnictwo Narodowe (SN) Leszek Bubel
32%
2015 1,60% - Polskie Stronnictwo Ludowe (PSL) Adam Jarubas
31%
2015 0,46% - Kongres Nowej Prawicy (KNP) Jacek Wilk
31%
2005 10,33% - Socjaldemokracja Polska (SDPL) Marek Borowski
30%
2010 1,06% - Prawica Rzeczypospolitej (PR) Marek Jurek
30%
1990 7,15% - Polskie Stronnictwo Ludowe (PSL) Roman Bartoszcze
27%
2005 wycofany - Partia Centrum (Centrum) Zbigniew Religa
27%
2000 0,22% - Polska Partia Socjalistyczna (PPS) Piotr Ikonowicz
23%
2005 0,06% - Polska Konfederacja – Godność i Praca (PKGiP),Konfederacja Polski Niepodległej – Obóz Patriotyczny (KPN-OP) Adam Słomka
22%
2005 1,26% - Bezpartyjna Henryka Bochniarz
20%
2000 0,79% - Porozumienie Polskie (PP) Jan Łopuszański
19%
1995 1,12% - Bezpartyjny Jan Pietrzak
19%
2000 0,16% - Stronnictwo Narodowe (SN) Tadeusz Wilecki
19%
1995 0,07% - Bezpartyjny Kazimierz Piotrowicz
17%
1995 zrezygnował - Bezpartyjny Bogdan Pawłowski
16%
2000 0,10% - Bezpartyjny Bogdan Pawłowski
16%
2010 0,18% - Polska Partia Pracy – Sierpień 80 (PPP – Sierpień 80) Bogusław Ziętek
16%
1995 0,15% - Bezpartyjny Tadeusz Koźluk
16%
1995 3,53% - Bezpartyjny Tadeusz Zieliński
16%
2005 0,07% - Organizacja Narodu Polskiego – Liga Polska (ONP-LP) Jan Pyszko
15%
2005 0,21% - Bezpartyjny Liwiusz Ilasz
15%
2005 zmarły kandydat - Polska Partia Pracy (PPP – Sierpień 80) Daniel Podrzycki
12%
2000 0,51% - Stronnictwo Polska Racja Stanu (SPRS) Dariusz Grabowski
12%
1995 zrezygnował - Partia Republikanie (Republikanie) Marek Markiewicz
7%
Nie znaleziono quizów pasujących do podanych kryteriów
Rozkład punktacji
Procent ludzi z każdym wynikiem
Percentyl według liczby udzielonych odpowiedzi
Twoja historia wyników
Nie rozwiązałeś tego quizu od ostatniego zresetowania